Kraje które są nielubiane - Statystyki

Ogólne statystyki
  • Ten quiz został rozwiązany 164 razy
  • Średni wynik to 10 z 15
Statystyki odpowiedzi
Na którą się zaczyna Kraj % Poprawnych
R Rosja
94%
U Ukraina
84%
W B Wielka Brytania
84%
K P Korea Północna
83%
F Francja
80%
I Irak
76%
I Izrael
69%
N Niemcy
69%
A Afganistan
66%
N Niger
56%
N Nigeria
56%
W Włochy
55%
W Wenezuela
54%
P Palestyna
45%
M Meksyk
38%
Nie znaleziono quizów pasujących do podanych kryteriów
Rozkład punktacji
Procent ludzi z każdym wynikiem
Percentyl według liczby udzielonych odpowiedzi
Twoja historia wyników
Nie rozwiązałeś tego quizu